| 000 | 01276nam a22003737a 4500 | ||
|---|---|---|---|
| 001 | 0066922 | ||
| 003 | KOHA_MİRAKIL | ||
| 005 | 20260207004656.0 | ||
| 007 | ta | ||
| 008 | 220315b2018 tu |||gr||||#0|||0|tur | | ||
| 020 | _a9786054619573 | ||
| 040 |
_aTR-BiSEU _btur _cTR-BiSEU _erda |
||
| 041 | 0 | _atur | |
| 044 | _ctu | ||
| 050 |
_aHV8241.93.A2 _bS24 2018 |
||
| 100 | 1 | _aŞahin, Eyüp. | |
| 245 | 1 |
_aEsir polisler : _bBirinci Dünye ve İstiklal Savaşı'nın mağdurları/ _cEyüp Şahin ; Eyüp Şahin. |
|
| 264 | 1 |
_aAnkara : _bPolis Akademisi Başkanlığı _c2018 |
|
| 300 | _aXI, 399 sayfa; 24 cm. | ||
| 336 |
_ametin _btxt _2rdacontent |
||
| 337 |
_aaracısız _bn _2rdamedia |
||
| 338 |
_acilt _bnc _2rdacarrier |
||
| 490 | 1 |
_aPolis Akademisi yayınları ; _v55 |
|
| 500 | _aKaynakça ve dizin var. | ||
| 650 | 0 |
_aTürkiye--Tarih--Devrim, 1918-1923. _913601 |
|
| 650 | 0 |
_aPolis--Türkiye--Tarih. _941724 |
|
| 650 | 0 |
_aPolis Eğitimi--Türkiye. _9126545 |
|
| 650 | 0 |
_aPolice--Turkey--Biography. _952470 |
|
| 650 | 0 |
_aWorld War, 1914-1918--Prisoners and prisons, Turkish. _9122799 |
|
| 650 | 0 |
_aPrisoners of war--Turkey--Biography. _9108043 |
|
| 830 | 1 |
_aPolis Akademisi yayınları ; _v55 _983713 |
|
| 907 | _aSosyal Bilimler | ||
| 942 |
_2lcc _cBK |
||
| 999 |
_c67364 _d67364 |
||